<?xml version="1.0" encoding="UTF-8"?>
<marc:record xmlns:marc="http://www.loc.gov/MARC21/slim">
   <marc:leader>00000nam a2200000 a 4500</marc:leader>
   <marc:datafield ind1="1" ind2=" " tag="100">
      <marc:subfield code="a">HOSSEINI KHALED</marc:subfield>
      <marc:subfield code="4">aut</marc:subfield>
      <marc:subfield code="e">Verfasser/-in</marc:subfield>
   </marc:datafield>
   <marc:datafield ind1=" " ind2=" " tag="653">
      <marc:subfield code="a">Abenteuer</marc:subfield>
   </marc:datafield>
   <marc:datafield ind1=" " ind2=" " tag="653">
      <marc:subfield code="a">Afghanistan</marc:subfield>
   </marc:datafield>
   <marc:datafield ind1="0" ind2="0" tag="245">
      <marc:subfield code="a">TRAUMSAMMLER</marc:subfield>
   </marc:datafield>
   <marc:datafield ind1="0" ind2="0" tag="245">
      <marc:subfield code="b">SCHICKSAL</marc:subfield>
   </marc:datafield>
   <marc:datafield ind1=" " ind2="1" tag="264">
      <marc:subfield code="b">ARGON EDITION</marc:subfield>
      <marc:subfield code="c">2013</marc:subfield>
   </marc:datafield>
   <marc:datafield ind1="1" ind2=" " tag="520">
      <marc:subfield code="a">WAS KANN GECHWISTER TRENNEN? NICHTS AUF DER WELT. ABDULLAH IST ZEHN UND LIEBT SEINE KLEINE SCHWESTER PATI ÜBER ALLES. DIE BEIDEN LEBEN IN EINEM DORF IN DEN KARGEN WELTEN AFGHANISTANS UND FÜRCHTEN NUR EINES. DEN DÄMON AUS DEN FERNEN BERGEN, DER IN STURMNÄCHTEN AUF DIE DÄCHER DER HÄUSER KLOPFT UND SICH EINES DER KINDER HOLT. EINES TAGES BRINGT DER VATER DIE GESCHWISTER NACH KABUL, IN DER HOFFNUNG AUF EINEN AUSWEG AUS SEINER NOT. DIE BEIDEN KINDER WERDEN GETRENNT, UND EINE LEBENSLANGE SUCHE BEGINNT. .</marc:subfield>
   </marc:datafield>
   <marc:datafield ind1="3" ind2=" " tag="024">
      <marc:subfield code="a">9783839812679</marc:subfield>
   </marc:datafield>
</marc:record>
